Oil-field exploration and development : (Record no. 76164)
[ view plain ]
| 000 -LEADER | |
|---|---|
| fixed length control field | 01202cam a2200325 a 4500 |
| 001 - CONTROL NUMBER | |
| control field | 76164 |
| 003 - CONTROL NUMBER IDENTIFIER | |
| rucl marc code | BD-RjUL |
| 005 - DATE AND TIME OF LATEST TRANSACTION | |
| control field | 20211209082813.0 |
| 008 - FIXED-LENGTH DATA ELEMENTS--GENERAL INFORMATION | |
| fixed length control field | 910905s1950 enkab 000 0 eng |
| 035 ## - SYSTEM CONTROL NUMBER | |
| System control number | (BD-RjUL)76385 |
| System control number | 1653449 |
| 040 ## - CATALOGING SOURCE | |
| Original cataloging agency | ANL |
| Language of cataloging | eng |
| Transcribing agency | ANL |
| Modifying agency | NNCU:A |
| 041 ## - LANGUAGE CODE | |
| Language code of text/sound track or separate title | eng |
| 082 04 - DEWEY DECIMAL CLASSIFICATION NUMBER | |
| Classification number | 665.5 |
| Edition number | 23 |
| Author mark and year | BEO 1950 |
| 100 1# - MAIN ENTRY--PERSONAL NAME | |
| Personal name | Thompson, Arthur Beeby. |
| 9 (RLIN) | 234505 |
| 245 10 - TITLE STATEMENT | |
| Title | Oil-field exploration and development : |
| Remainder of title | a practical guide for oil-field prospectors and operators, with which is incorporated a discussion of the origin and distribution of petroleum, and notes on oil-field legislation and customs ... / |
| Statement of responsibility, etc. | by A. Beeby Thompson. |
| 250 ## - EDITION STATEMENT | |
| Edition statement | 2nd ed., enl. by the addition of new material. |
| 260 ## - PUBLICATION, DISTRIBUTION, ETC. (IMPRINT) | |
| Place of publication, distribution, etc. | London : |
| Name of publisher, distributor, etc. | Technical Press, |
| Date of publication, distribution, etc. | 1950. |
| 300 ## - PHYSICAL DESCRIPTION | |
| Pagination | 2 v. (lxv,1177,31 p.) : |
| Illustrations | ill., maps ; |
| Size | 26 cm. |
| 505 0# - FORMATTED CONTENTS NOTE | |
| Formatted contents note | Vol.1. Oil-field principles.--v.2. Oil-field practice. |
| 650 #0 - SUBJECT ADDED ENTRY--TOPICAL TERM | |
| Topical term or geographic name as entry element | Petroleum engineering. |
| 9 (RLIN) | 234506 |
| Topical term or geographic name as entry element | Petroleum |
| General subdivision | Prospecting. |
| 9 (RLIN) | 234507 |
| Topical term or geographic name as entry element | Natural gas. |
| 9 (RLIN) | 234508 |
| Topical term or geographic name as entry element | Oil fields. |
| 9 (RLIN) | 234509 |
| 942 ## - ADDED ENTRY ELEMENTS (KOHA) | |
| Source of classification or shelving scheme | Dewey Decimal Classification |
| Koha item type | Books |
| Lost status | Source of classification or shelving scheme | Damaged status | Not for loan | Collection code | Permanent Location | Current Location | Shelving location | Date acquired | Total Checkouts | Full call number | Date last seen | Copy number | Koha item type |
|---|---|---|---|---|---|---|---|---|---|---|---|---|---|
| Dewey Decimal Classification | Not For Loan | Non-fiction | Central Library, University of Rajshahi | Central Library, University of Rajshahi | Reading Room | 04/11/2019 | 665.5 BEO 1950 V-2 | 04/11/2019 | C-1 | Books | |||
| Dewey Decimal Classification | Non-fiction | Central Library, University of Rajshahi | Central Library, University of Rajshahi | 18/11/2019 | 665.5 BEO 1950 V-1 | 18/11/2019 | C-1 | Books |